000 00771nam a2200205Ii 4500
003 JO-AjNU
008 230605s9999||||xx |||||||||||||| ||und||
040 _aJO-AjNU
_bara
_erda
_cJO-AjNU
041 _aara
050 1 4 _aBP173.75.S233 2016
100 3 _aالسبعاوي، مدحت جاسم محمد,
_eauthor
_957779
245 0 0 _aادارة الموارد الإقتصادية في ضوء مقاصد الشريعة الإسلامية: دراسة مقارنة
250 _aط1
264 3 1 _aعمان: دار النفائس للنشر والتوزيع، 2016
300 _a372ص
336 _atext
_btxt
_2rdacontent
337 _aunmediated
_bn
_2rdamedia
338 _avolume
_bnc
_2rdacarrier
650 4 _aالنظام الإقتصادي - الإسلام
_957780
999 _aA25912
_c29480
_d29480